Enseñar baloncesto a los jóvenes

Saved in:
Bibliografiske detaljer
Hovedforfatter: Faucher, David G (Author)
Format: Bog
Sprog:spansk
Udgivet: Barcelona Paidotribo 2002
Udgivelse:1a. ed
Fag:
Tags: Tilføj Tag
Ingen Tags, Vær først til at tagge denne postø!

MARC

LEADER 00000nam a2200000 a 4500
001 UCG4582
003 CL-VaPUC
008 101111e20020000SP |||||||||||||||||spa|d
020 |a 8480196513 
082 0 4 |a 796.323  |b FAU  |2 21 
100 0 |a Faucher, David G  |e author  |9 553950 
245 1 0 |a Enseñar baloncesto a los jóvenes 
250 |a 1a. ed 
300 |a 199 p 
942 |c BK 
945 |d 20101111 00:00:00  |a mfarfan 
260 |a Barcelona  |b Paidotribo  |c 2002 
650 7 |a BALONCESTO  |2 CL-VaPUC  |9 553951 
650 7 |a DEPORTE  |2 CL-VaPUC  |9 553952 
650 7 |a ENTRENAMIENTO DEPORTIVO  |2 CL-VaPUC  |9 553953 
583 |a last modification  |c 20101111 00:00:00  |k Rodrigo Vera 
999 |c 343274  |d 343272 
952 |0 0  |1 0  |4 0  |6 796_323000000000000_FAU_2002  |7 0  |8 A  |9 440469  |a BIBEDU  |b BIBEDU  |d 2019-11-22  |i 4732987  |l 2  |o 796.323 FAU 2002  |p 4732987  |r 2023-08-09  |s 2023-05-23  |w 2019-11-22  |y BK  |k EFI 
952 |0 0  |1 0  |4 0  |6 796_323000000000000_FAU_2002  |7 0  |8 A  |9 440470  |a BIBEDU  |b BIBEDU  |d 2019-11-22  |i 4732995  |l 1  |o 796.323 FAU 2002  |p 4732995  |r 2023-10-19  |s 2023-10-19  |w 2019-11-22  |y BK  |k EFI